[Event "GER-chT Christmas U20"]
[Site "Playchess.com INT"]
[Date "2020.12.29"]
[Round "4.4"]
[White "Kerssemeekers, Nick"]
[Black "Toval, David"]
[Result "0-1"]
[WhiteElo "1072"]
[BlackElo "1857"]
[PlyCount "56"]
[EventDate "2020.12.29"]
[EventType "team-swiss (blitz)"]
[EventRounds "7"]
[EventCountry "GER"]
[SourceTitle "CBM 200 Extra"]
[Source "ChessBase"]
[SourceDate "2021.03.31"]
[SourceVersion "1"]
[SourceVersionDate "2021.03.31"]
[SourceQuality "1"]
[WhiteTeam "Heinsberg"]
[BlackTeam "Muenster"]
[WhiteTeamCountry "GER"]
[BlackTeamCountry "GER"]

1. e4 c5 2. Nf3 d6 3. Nc3 Nf6 4. d3 e6 5. g3 Be7 6. Bg2 0-0 7. 0-0 a6 8. Re1 b5 9. e5 Nd5 10. Nxd5 exd5 11. exd6 Bxd6 12. Bf4 Bxf4 13. gxf4 Bb7 14. Ng5 h6 15. Nh3 Nd7 16. Qh5 Nf6 17. Qe5 Re8 18. Qc3 Qb6 19. Re5 Nd7 20. Bxd5 Nxe5 21. fxe5 Bxd5 22. Nf4 Rad8 23. Nxd5 Rxd5 24. Kh1 Rdxe5 25. Rg1 Qc6+ 26. f3 Qxf3+ 27. Rg2 Re1+ 28. Qxe1 Rxe1# 0-1

[Event "GER-chT Christmas U20"]
[Site "Playchess.com INT"]
[Date "2020.12.29"]
[Round "7.4"]
[White "Stuelcken, Philipp"]
[Black "Kerssemeekers, Nick"]
[Result "1-0"]
[WhiteElo "1459"]
[BlackElo "1072"]
[PlyCount "103"]
[EventDate "2020.12.29"]
[EventType "team-swiss (blitz)"]
[EventRounds "7"]
[EventCountry "GER"]
[SourceTitle "CBM 200 Extra"]
[Source "ChessBase"]
[SourceDate "2021.03.31"]
[SourceVersion "1"]
[SourceVersionDate "2021.03.31"]
[SourceQuality "1"]
[WhiteTeam "Luebeck"]
[BlackTeam "Heinsberg"]
[WhiteTeamCountry "GER"]
[BlackTeamCountry "GER"]

1. e4 e6 2. d4 d5 3. Nd2 Nc6 4. c3 Nf6 5. e5 Nd7 6. f4 b6 7. Ne2 Ba6 8. Nf3 f6 9. g3 fxe5 10. fxe5 Qe7 11. Bg5 Qf7 12. Bg2 h6 13. Be3 0-0-0 14. 0-0 Na5 15. b3 Ba3 16. Qc2 Be7 17. Rf2 Rdf8 18. Nf4 g5 19. Ng6 Rhg8 20. Nxf8 Rxf8 21. Nxg5 Qg8 22. Rxf8+ Qxf8 23. Nxe6 Qf7 24. Bxd5 c6 25. Ng5 Qf8 26. e6 cxd5 27. exd7+ Kxd7 28. Qg6 hxg5 29. Bxg5 Bxg5 30. Qxg5 Nc6 31. h4 Ne7 32. h5 Bd3 33. h6 Qf3 34. Re1 Be4 35. Rxe4 Qxe4 36. Qd2 Qg6 37. Kg2 Ng8 38. Qf4 Nxh6 39. Qb8 Nf5 40. Qxa7+ Kd6 41. Qxb6+ Ke7 42. Qxg6 Kd7 43. Qxf5+ Kc6 44. g4 Kd6 45. g5 Ke7 46. g6 Kd6 47. g7 Kc6 48. g8Q Kb5 49. Qfxd5+ Kb6 50. Qge6+ Kc7 51. Qdd7+ Kb8 52. Qee8# 1-0